Narodowe linie lotnicze - Statystyki

Ogólne statystyki
  • Ten quiz został rozwiązany 35 razy
  • Średni wynik to 9 z 15
Statystyki odpowiedzi
Państwo Linia lotnicza % Poprawnych
Francja Air France
100%
Polska LOT Polish Airlines
100%
Wielka Brytania British Airways
91%
Chiny Air China
84%
Kanada Air Canada
81%
Rosja Aerofłot
75%
Finlandia Finnair
69%
Hiszpania Iberia
66%
Australia Qantas
59%
RPA South African Airways
41%
Indonezja Garuda Indonesia
38%
Chorwacja Croatia Airlines
31%
Bahrajn Gulf Air
28%
Kazachstan Air Astana
25%
Panama Copa Airlines
16%
Nie znaleziono quizów pasujących do podanych kryteriów
Rozkład punktacji
Procent ludzi z każdym wynikiem
Percentyl według liczby udzielonych odpowiedzi
Twoja historia wyników
Nie rozwiązałeś tego quizu